| 000 | 01711nam a2200253Ia 4500 | ||
|---|---|---|---|
| 008 | 260220t1977||||xx |||||||||||||| ||spa|| | ||
| 020 | _a8422610752 | ||
| 040 |
_aPY-SlUNAC _bspa _erda |
||
| 041 | _aspa | ||
| 082 |
_a813.5 _bF265i |
||
| 100 |
_aFast, Howard _eAutor |
||
| 245 | 0 |
_aLos Inmigrantes / _cpor Howard Fast [Autor] |
|
| 264 |
_aBarcelona : _bCírculo de Lectores, _c℗1977. |
||
| 300 | _a1 volumen | ||
| 520 | _a"Los Inmigrantes" de Howard Fast es una obra que explora las complejidades y desafíos que enfrentan los inmigrantes en Estados Unidos a lo largo de la historia. A través de una narrativa rica y matizada, Fast retrata las vidas de diversos personajes que, motivados por la búsqueda de oportunidades y una vida mejor, dejan atrás sus tierras natales para enfrentar la dura realidad de la integración en un nuevo país. El autor aborda temas como la identidad, el sacrificio y la lucha por la aceptación en una sociedad a menudo hostil. A medida que los protagonistas navegan por sus experiencias de desarraigo, discriminación y esperanza, la obra revela la resistencia del espíritu humano y la capacidad de adaptación. Con un enfoque en las interacciones culturales y sociales, Fast no solo documenta la historia de los inmigrantes, sino que también invita a reflexionar sobre el significado de pertenencia y el impacto del cambio en la vida de las personas, ofreciendo una mirada profunda y empática a este fenómeno global. | ||
| 653 | _aCultura | ||
| 653 | _aInmigración | ||
| 653 | _aSociedad | ||
| 942 |
_b2026/02/17 _cBK |
||
| 999 |
_c9000 _d9000 |
||